Guess the Fusion Rock Song Lyrics #267 - Statistics

General Stats
  • This quiz has been taken 11 times
  • The average score is 135 of 183
Answer Stats
Answer % Correct
And
100%
and
100%
me
100%
on
100%
the
100%
to
100%
you
100%
your
100%
all
88%
arms
88%
in
88%
it
88%
let
88%
do
75%
Just
75%
nothin
75%
take
75%
Take
75%
There's
75%
Yeah
75%
yeah
75%
baby
63%
hold
63%
lovin
63%
Now
63%
say
63%
up
63%
With
63%
Ah
50%
ah
50%
Come
50%
heart
50%
one
50%
tight
50%
Open
38%
Real
38%
Rock
38%
rock
38%
start
38%
wanna
38%
Woman
38%
woman
38%
flow
25%
George McCrae
25%
might
25%
Sexy
13%
slow
13%
sweet
13%
No matching quizzes found
Score Distribution
Percent of People with Each Score
Percentile by Number Answered
Your Score History
You have not taken this quiz